000 00461nam a2200157 i 4500
001 75078
003 ES-MaACL
005 20230906172330.0
007 t|
008 040922s1904 ho ||||1| spa d
100 1 _aGorriz de Morales, Natalia.
_959227
245 1 0 _aCompendio de geografĂ­a descriptiva /
_cNatalia Gorriz de Morales.
260 _aTegucigalpa :
_b[s.n.,
_c1904] (
_fTip. Nacional)
300 _aVI, 504 p. ;
_c22 cm.
852 _aES-MaACL
_jF-8063
999 _c75078
_d75078